[Event "Flint July Tuesday Night Swiss"]
[Site "Flint, MI"]
[Date "2002.07.16"]
[Round "2"]
[White "Vandivier, Don"]
[Black "Laurin, Edward"]
[Result "0-1"]
[WhiteElo "1917"]
[BlackElo "1757"]
[Annotator "Edward Laurin"]
[PlyCount "102"]
[EventDate "2002.07.09"]

1. e4 d6 2. d4 Nf6 3. Nc3 g6 4. f3 Nbd7 5. Be3 Bg7 6. Qd2 O-O 7. Bh6 c5 {The
classical counter in the center when the king-side is attacked. This opens up
space for Black's knights.} 8. d5 a6 $2 ({Too slow, Black needed to play} 8...
Kh8 {followed by Ng8 to release some pressure on the king-side.}) 9. h4 Ne5 {
Black has to pressure f3 and g4 to keep White's entire king-side from
attacking.} 10. h5 Bxh6 $6 {This move is usually death for Black as it permits
White's queen and rook easily onto the h-file. But, with the pressure on f3/g4/
h5 by Black's knights he gets material but at a large cost.} 11. Qxh6 Nxh5 12.
g4 Nf6 13. Be2 ({If} 13. g5 {then} Nh5 $1 {stops the checkmates}) 13... Qd7 14.
O-O-O $2 {White takes a move for defense giving Black back the time to cover
up. He should keep attacking with Nh3-g5.} Rd8 15. Nh3 Qe8 16. Ng5 Qf8 17.
Qxf8+ $2 (17. Qh4 {continues the pressure on black's king-side.}) 17... Rxf8 (
17... Kxf8 $2 {allows} 18. Nxh7+ {giving White back his pawn and a crushing
attack.}) 18. Rh6 Kg7 19. Rdh1 Rh8 20. Na4 Nh5 $1 {The killer tactic and
turning point of the game.} 21. gxh5 Kxh6 22. f4 f6 23. Nb6 Rb8 24. hxg6+ Kxg6
25. Nxc8 fxg5 ({Not} 25... Rhxc8 {since} 26. Bh5+ Kg7 27. Ne6+ Kg8 28. fxe5 {
giving up the exchange.}) 26. Nxe7+ Kf6 27. fxe5+ Kxe7 28. exd6+ Kxd6 29. Rh6+
$2 {White needs to get his king in the game with Kd2 and some drawing chances.
This move just centralizes Black's king for him.} Ke5 30. Re6+ Kf4 31. Bd3 Rbe8
32. Rf6+ ({Not} 32. Rb6 c4 33. Bxc4 Rxe4 {giving up one of White's passers.})
32... Ke3 33. Rf1 c4 34. Bxc4 Rxe4 35. Bd3 Rf4 36. Re1+ Kd4 37. d6 h5 38. d7
Rd8 39. Bg6 h4 ({Not} 39... Rxd7 {permitting} 40. Rd1+ {winning for White.})
40. c3+ Kc4 $2 (40... Kd5 {makes more sense.}) 41. Be8 h3 42. b3+ Kd5 43. Kd2
Rg4 $1 {Preventing White's king from joining the party since Ke3 allows ...
Re4+, ...Rxe1 and now White cannot stop Black's passed pawns.} 44. Rh1 Rg2+ 45.
Ke3 g4 46. Kf4 h2 47. Bh5 Rxd7 (47... g3 $2 {allows} 48. Bf3+ {winning for
White.}) 48. Bxg4 Rf7+ 49. Ke3 Rg3+ (49... Rg3+ {Hoping for} 50. Kd2 Rf2+ 51.
Ke1 Rg1+ {winning a promotion and the bishop!}) 50. Ke2 Rxg4 51. Rxh2 Rfg7 0-1

[Event "Mark Finegold Simul"]
[Site "Flint, MI"]
[Date "2002.07.22"]
[Round "?"]
[White "Laurin, Edward"]
[Black "Finegold, Mark"]
[Result "0-1"]
[WhiteElo "1757"]
[BlackElo "2201"]
[Annotator "Edward Laurin"]
[PlyCount "74"]
[EventDate "2002.07.20"]

{Petrov: Cozio} 1. e4 e5 2. Nf3 Nf6 3. Nxe5 d6 4. Nf3 Nxe4 5. Qe2 Qe7 6. d3 Nf6
7. Bg5 Qxe2+ 8. Bxe2 Nbd7 9. Nbd2 h6 10. Bh4 Be7 11. O-O-O O-O 12. Nd4 a6 13.
Nf5 Bd8 14. Rde1 Ne5 15. Ne3 Nfg4 16. Nxg4 Bxh4 17. Nxe5 dxe5 18. g3 Bf6 19.
Bf3 g6 20. Bg2 $2 (20. Nc4 {wins a pawn since} Re8 21. d4 {and the pawn is
pinned!}) 20... Bg7 21. Nc4 f6 22. Rhf1 Rb8 {Black is attempting to free up
his queen-side.} 23. f4 exf4 24. Rxf4 g5 25. Rfe4 Bf5 26. Re7 Rfc8 27. Na5 $4 (
{Another horrible blunder for White. The correct move is} 27. Bd5+ $1 {and then
} Kh8 (27... Kh7 {allows the same except with a pinned bishop.}) (27... Kf8 {
just falls for a discovered check.}) 28. Be6 Bf8 (28... Bxe6 29. R1xe6 {
allowing White to double his rooks on the 7th or gain material.}) 29. Bxf5 Bxe7
30. Rxe7 {giving white a killer attack.}) 27... Bf8 28. Bd5+ Kh8 29. Rf7 Bg6
30. Rxf6 Kg7 31. Rfe6 $2 (31. Ref1 {gets out of the fork on b4.}) 31... Bb4 32.
R1e2 Rf8 33. b3 ({This gives the dark squares around White's king. White
should play} 33. c3 {with some attacking chances left.}) 33... Bxa5 34. Re7+
Kh8 35. R2e6 Bc3 $1 {Black takes control of those black squares around White's
king.} 36. Bg2 Rbe8 37. Rxe8 Rxe8 {White resigns since the trade of rooks
leaves Black up a piece and any other move falls to Re1#.} 0-1

[Event "Flint Summer Swiss"]
[Site "Flint, MI"]
[Date "2002.07.27"]
[Round "3.1"]
[White "Zatonskih, Anna"]
[Black "Mazuchowski, Tom"]
[Result "1-0"]
[WhiteElo "2471"]
[BlackElo "2038"]
[PlyCount "69"]
[EventDate "2002.07.27"]

1. e4 c5 2. g3 Nc6 3. Bg2 g6 4. f4 Bg7 5. Nf3 d6 6. d3 Rb8 7. a4 a6 8. c3 b5 9.
axb5 axb5 10. O-O Bg4 11. h3 Bd7 12. d4 cxd4 13. cxd4 Qb6 14. Be3 e5 15. Nc3
Nge7 16. Ne2 O-O 17. Qd2 exd4 18. Nfxd4 Nxd4 19. Nxd4 Qd8 20. Kh2 f5 21. Ra6
Bc8 22. Nc6 Nxc6 23. Rxc6 Qe7 24. exf5 gxf5 25. Rxd6 h5 26. Bc5 Bb7 27. Bxb7
Rxb7 28. Rd5 Qf7 29. Bxf8 Bxf8 30. Qd3 Bg7 31. Rxf5 Qc4 32. Qd8+ Kh7 33. Rxh5+
Bh6 34. Rf2 Ra7 35. Qb6 1-0

[Event "Flint Summer Swiss"]
[Site "Flint, MI"]
[Date "2002.07.27"]
[Round "1.17"]
[White "Zatonskih, Anna"]
[Black "Lawitzke, John"]
[Result "1-0"]
[WhiteElo "2471"]
[BlackElo "896"]
[PlyCount "51"]
[EventDate "2002.07.27"]

1. e4 e6 2. d4 d5 3. Nd2 Nf6 4. e5 Nfd7 5. c3 c5 6. Bd3 Nc6 7. Ne2 Qb6 8. Nf3
Be7 9. O-O f6 10. exf6 Nxf6 11. a3 O-O 12. b4 cxd4 13. cxd4 Bd7 14. Bg5 Rac8
15. Re1 Nd8 16. Nf4 Nf7 17. Bxf6 Bxf6 18. Qb1 Nh8 19. Bxh7+ Kf7 20. Ng6 Rfe8
21. Nfe5+ Bxe5 22. Nxe5+ Ke7 23. Qd3 Rf8 24. Qg3 Qxd4 25. Qxg7+ Nf7 26. Ng6+
1-0

[Event "Flint Summer Swiss"]
[Site "Flint, MI"]
[Date "2002.07.27"]
[Round "2.10"]
[White "Yang, Yinghan"]
[Black "Holden, Anthony"]
[Result "1-0"]
[WhiteElo "1808"]
[BlackElo "1505"]
[PlyCount "63"]
[EventDate "2002.07.27"]

1. e4 c5 2. Nf3 e5 3. Nc3 Nc6 4. g3 d6 5. Bg2 Bg4 6. d3 Nd4 7. Be3 Qf6 8. Bxd4
Bxf3 9. Bxf3 cxd4 10. Nd5 Qd8 11. c3 Ne7 12. Qa4+ Nc6 13. cxd4 exd4 14. Rc1 Be7
15. Nxe7 Kxe7 16. O-O h5 17. Qb3 Rb8 18. Qd5 Ne5 19. Bg2 Qb6 20. a4 h4 21. a5
Qd8 22. Rc2 f6 23. Bh3 Rh5 24. Qe6+ Kf8 25. g4 Rh6 26. Rfc1 Nc6 27. a6 Ne7 28.
axb7 f5 29. Qc8 Ke8 30. Qxb8 Rg6 31. Qxd8+ Kxd8 32. b8=Q+ 1-0

[Event "Flint Summer Swiss"]
[Site "Flint, MI"]
[Date "2002.07.27"]
[Round "1.6"]
[White "Vandivier, Don"]
[Black "Hazzard, Bill"]
[Result "1-0"]
[WhiteElo "1917"]
[BlackElo "1511"]
[PlyCount "87"]
[EventDate "2002.07.27"]

1. e4 c5 2. Nf3 d6 3. d4 cxd4 4. Nxd4 Nf6 5. Nc3 a6 6. Bg5 e6 7. f4 Be7 8. Qf3
Nbd7 9. Bc4 O-O 10. Bxe6 Qb6 11. Nf5 fxe6 12. Nxe7+ Kf7 13. Bxf6 gxf6 14. Nxc8
Raxc8 15. O-O-O Ke7 16. Rhe1 Rc6 17. Nd5+ exd5 18. exd5+ Kd8 19. dxc6 bxc6 20.
Rxd6 Kc7 21. Ree6 Nb8 22. b3 Qg1+ 23. Kb2 Qc5 24. Rxf6 Rxf6 25. Rxf6 a5 26. Qc3
Qd5 27. g4 Na6 28. Rf5 Qd6 29. Qxa5+ Kb7 30. Rf7+ Nc7 31. Qxc7+ Qxc7 32. Rxc7+
Kxc7 33. Kc3 Kd6 34. Kc4 c5 35. a4 Kc6 36. f5 Kd6 37. a5 Ke5 38. Kxc5 h5 39.
gxh5 Kxf5 40. a6 Kg5 41. a7 Kxh5 42. a8=Q Kh4 43. Qg8 Kh3 44. Qg3# 1-0

[Event "Flint Summer Swiss"]
[Site "Flint, MI"]
[Date "2002.07.27"]
[Round "2.3"]
[White "Schwab, Henry"]
[Black "Everett, Morgan"]
[Result "0-1"]
[WhiteElo "1690"]
[BlackElo "2077"]
[PlyCount "22"]
[EventDate "2002.07.27"]

1. e4 e5 2. Bc4 Nf6 3. d3 Nc6 4. Nc3 Na5 5. Bb3 Nxb3 6. axb3 d6 7. Nge2 Be7 8.
O-O O-O 9. f4 c6 10. Ng3 Ng4 11. f5 Qb6+ 0-1

[Event "Flint Summer Swiss"]
[Site "Flint, MI"]
[Date "2002.07.27"]
[Round "1.11"]
[White "Saylor, Oliver"]
[Black "Gregory, Kevin"]
[Result "0-1"]
[WhiteElo "1328"]
[BlackElo "1770"]
[PlyCount "102"]
[EventDate "2002.07.27"]

1. e4 c5 2. Nf3 Nc6 3. d4 cxd4 4. Nxd4 g6 5. Nc3 Bg7 6. Be3 d6 7. Qd2 Nf6 8. f3
O-O 9. Nxc6 bxc6 10. O-O-O Qa5 11. Bc4 Rb8 12. Bb3 Nd7 13. h4 Bxc3 14. Qxc3
Qxc3 15. bxc3 h5 16. g4 Nf6 17. gxh5 Nxh5 18. f4 Ng3 19. Rhe1 Bg4 20. Rd2 Nxe4
21. Rg2 Bf3 22. Rxg6+ Kh7 23. Rgg1 Nxc3 24. Rgf1 Bd5 25. Bxa7 Rb7 26. Bd4 Nxa2+
27. Bxa2 Bxa2 28. Rg1 f6 29. Rg3 Rg8 30. Rxg8 Kxg8 31. Kd2 c5 32. Bf2 Kf7 33.
f5 Rb4 34. Ke3 Rc4 35. Rc1 Rc3+ 36. Kd2 Rf3 37. Be3 Rxf5 38. c4 Bb3 39. Rg1
Bxc4 40. Rh1 Rd5+ 41. Kc2 Bd3+ 42. Kb2 Rh5 43. Kc3 c4 44. Kd2 e6 45. Bf2 d5 46.
Ra1 e5 47. Ke3 d4+ 48. Kf3 c3 49. Kg4 Be2+ 50. Kg3 d3 51. Be3 d2 0-1

[Event "Flint Summer Swiss"]
[Site "Flint, MI"]
[Date "2002.07.27"]
[Round "1.15"]
[White "Rose, Daniel"]
[Black "Christiansen, Jeremy"]
[Result "0-1"]
[WhiteElo "1274"]
[BlackElo "1669"]
[PlyCount "70"]
[EventDate "2002.07.27"]

1. d4 d5 2. c4 e6 3. Nc3 c5 4. cxd5 exd5 5. e3 Nf6 6. Nf3 Be7 7. dxc5 Bxc5 8.
Be2 Nc6 9. O-O O-O 10. a3 Be6 11. b4 Bb6 12. Bb2 d4 13. exd4 Nxd4 14. Nxd4 Bxd4
15. Qc2 Qc7 16. Rac1 Rac8 17. Bd3 Rfd8 18. Qb1 Ng4 19. g3 Qe5 20. Na4 Rxc1 21.
Qxc1 Rc8 22. Qd2 Bxb2 23. Nxb2 Qh5 24. h4 Ne5 25. Be2 Nf3+ 26. Bxf3 Qxf3 27.
Rd1 h6 28. Qd3 Qc6 29. f4 Bg4 30. Rd2 Qc1+ 31. Kf2 Qh1 32. Nc4 Qh2+ 33. Ke1
Qg1+ 34. Qf1 Re8+ 35. Ne5 Qe3+ 0-1

[Event "Flint Summer Swiss"]
[Site "Flint, MI"]
[Date "2002.07.27"]
[Round "3.13"]
[White "Robertson, John"]
[Black "Holden, Anthony"]
[Result "0-1"]
[WhiteElo "1552"]
[BlackElo "1505"]
[PlyCount "68"]
[EventDate "2002.07.27"]

1. e4 c5 2. Nf3 e5 3. Bc4 Nc6 4. O-O h6 5. Nc3 d6 6. d3 Bg4 7. h3 Bh5 8. g4 Bg6
9. Nd5 h5 10. Kg2 Qd7 11. g5 h4 12. c3 Bh5 13. Rg1 Nge7 14. Qf1 O-O-O 15. Ne1
Nxd5 16. Bxd5 f5 17. gxf6 gxf6 18. Nc2 f5 19. Ne3 f4 20. Nf5 Ne7 21. Nxe7+ Bxe7
22. f3 Rdg8+ 23. Bxg8 Rxg8+ 24. Kf2 Rg3 25. Rxg3 hxg3+ 26. Kg2 Bf7 27. Bd2 Be6
28. Qh1 Qb5 29. Qb1 Qd7 30. Qh1 Qb5 31. c4 Qxb2 32. Qc1 Qd4 33. Qf1 Bxc4 34.
dxc4 Qxd2+ 0-1

[Event "Flint Summer Swiss"]
[Site "Flint, MI"]
[Date "2002.07.27"]
[Round "2.16"]
[White "Purdy, Wayne"]
[Black "Mandell, Ed"]
[Result "1-0"]
[WhiteElo "1533"]
[BlackElo "1298"]
[PlyCount "79"]
[EventDate "2002.07.27"]

1. e4 e5 2. Nf3 Nf6 3. Nc3 Nc6 4. Bc4 Nxe4 5. a3 Nxc3 6. dxc3 h6 7. O-O d6 8.
Re1 Qf6 9. Bb5 a6 10. Bxc6+ bxc6 11. Nd4 c5 12. Ne2 g5 13. Ng3 Be7 14. Qd5 Ra7
15. Be3 Be6 16. Qd1 Qg6 17. b4 f5 18. Bd2 f4 19. Nf1 h5 20. bxc5 dxc5 21. Rxe5
O-O 22. Qe1 Rf6 23. Rb1 Bd6 24. Rb8+ Kf7 25. Re2 Bc4 26. Ree8 Re6 27. Rxe6 Qxe6
28. Qxe6+ Kxe6 29. Rh8 h4 30. h3 Bb5 31. Nh2 c4 32. Nf3 Be7 33. Nd4+ Kd5 34.
Rh7 Bf6 35. Nf3 Ke4 36. Rh5 g4 37. hxg4 Bd7 38. g5 h3 39. gxf6 Ra8 40. Re5# 1-0

[Event "Flint Summer Swiss"]
[Site "Flint, MI"]
[Date "2002.07.27"]
[Round "2.13"]
[White "Poniatowski, Don"]
[Black "McCarter, Robert"]
[Result "1-0"]
[WhiteElo "1304"]
[BlackElo "1603"]
[PlyCount "85"]
[EventDate "2002.07.27"]

1. e4 c5 2. c3 Nf6 3. e5 Nd5 4. d4 cxd4 5. cxd4 e6 6. a3 a6 7. Bc4 Nb6 8. Bb3
d6 9. Nf3 dxe5 10. Nxe5 Bd6 11. O-O O-O 12. Nc3 Kh8 13. Nf3 N8d7 14. Re1 Nf6
15. Bg5 Be7 16. Rc1 Nfd5 17. Bxe7 Nxe7 18. Ne5 Nbd5 19. Nxd5 Nxd5 20. Bxd5 Qxd5
21. Rc5 Qd8 22. Rc3 b5 23. Qf3 Bd7 24. Nxf7+ Rxf7 25. Qxf7 Qe8 26. Qxe8+ Rxe8
27. Rc7 Rd8 28. Rec1 h6 29. h3 a5 30. Ra7 a4 31. Rcc7 Bc8 32. Ra8 Rxd4 33.
Rcxc8+ Kh7 34. Rab8 Rd1+ 35. Kh2 Rd2 36. Rxb5 Rxf2 37. Rcc5 Kg6 38. Rc4 Re2 39.
Rxa4 e5 40. Rc4 e4 41. Rc6+ Kh7 42. Re6 e3 43. Rb3 1-0

[Event "Flint Summer Swiss"]
[Site "Flint, MI"]
[Date "2002.07.27"]
[Round "1.3"]
[White "Moroney, Timothy"]
[Black "Mazuchowski, Tom"]
[Result "0-1"]
[WhiteElo "1539"]
[BlackElo "2038"]
[PlyCount "100"]
[EventDate "2002.07.27"]

1. e4 c5 2. Nf3 Nc6 3. d4 cxd4 4. Nxd4 e5 5. Nb5 d6 6. N1c3 a6 7. Na3 b5 8. Nd5
Nge7 9. Be3 Nxd5 10. exd5 Ne7 11. Be2 g6 12. O-O Bg7 13. c3 O-O 14. f4 Nf5 15.
Bf2 exf4 16. Nc2 Bb7 17. Nd4 Ne3 18. Bxe3 fxe3 19. Nc2 Qg5 20. Rf3 Rae8 21. Rg3
Qxd5 22. Qxd5 Bxd5 23. Rd1 Bxa2 24. Nb4 Bb3 25. Rd3 Bc4 26. Rgxe3 Bxd3 27. Rxe8
Rxe8 28. Bxd3 a5 29. Nc6 b4 30. cxb4 axb4 31. Nxb4 Rb8 32. Nd5 Rxb2 33. Be4 f5
34. Bf3 Bd4+ 35. Kf1 Kf7 36. Nf4 g5 37. Bd5+ Kf6 38. Nd3 Rc2 39. Nb4 Rc5 40.
Ba2 Ra5 41. Ke2 g4 42. h3 Kg5 43. hxg4 Bc5 44. gxf5 Bxb4 45. Be6 Kf6 46. g4 Ra3
47. Bd5 Bc5 48. Bc6 Kg5 49. Bd7 Bd4 50. Be6 Bf6 0-1

[Event "Flint Summer Swiss"]
[Site "Flint, MI"]
[Date "2002.07.27"]
[Round "3.6"]
[White "Moroney, Timothy"]
[Black "Aldrich, Jeff"]
[Result "0-1"]
[WhiteElo "1539"]
[BlackElo "1900"]
[PlyCount "50"]
[EventDate "2002.07.27"]

1. e4 c6 2. d4 d5 3. Nc3 dxe4 4. Nxe4 Nd7 5. Nf3 Ngf6 6. Nxf6+ Nxf6 7. Bc4 e6
8. a4 Bd6 9. O-O O-O 10. Bg5 b6 11. Qe2 Re8 12. Ne5 Bb7 13. Rfd1 h6 14. Bh4 g5
15. Bg3 Bf8 16. f4 Qe7 17. fxg5 hxg5 18. Rf1 Bg7 19. h4 Rf8 20. hxg5 Nd5 21.
Qh5 c5 22. Bd3 f5 23. gxf6 Nxf6 24. Qh4 Qd8 25. Ng4 Qxd4+ $138 0-1

[Event "Flint Summer Swiss"]
[Site "Flint, MI"]
[Date "2002.07.27"]
[Round "2.4"]
[White "Mazuchowski, Tom"]
[Black "Jones, Avery"]
[Result "1-0"]
[WhiteElo "2038"]
[BlackElo "1671"]
[PlyCount "104"]
[EventDate "2002.07.27"]

1. e4 c6 2. d4 d5 3. Nd2 dxe4 4. Nxe4 Bf5 5. Ng3 Bg6 6. h4 h6 7. Nf3 e6 8. h5
Bh7 9. Bd3 Nf6 10. Bxh7 Nxh7 11. Qd3 Be7 12. Bd2 c5 13. O-O-O Nc6 14. Bc3 Nf6
15. Ne4 Nd5 16. dxc5 O-O 17. Kb1 Qc7 18. g4 Nxc3+ 19. Qxc3 Qf4 20. Qe3 Qxe3 21.
fxe3 f5 22. gxf5 Rxf5 23. Nd4 Nxd4 24. exd4 Rd8 25. c3 Rfd5 26. Nd2 e5 27. Nb3
exd4 28. Rxd4 Bf6 29. Rxd5 Rxd5 30. Kc2 Kh7 31. Nd2 Rxc5 32. Ne4 Rc6 33. Nxf6+
Rxf6 34. Rh2 g5 35. hxg6+ Kxg6 36. Rg2+ Kh5 37. Rg7 Rb6 38. b4 Kh4 39. a4 a6
40. a5 Rb5 41. Kb3 h5 42. c4 Rg5 43. Rxb7 Kg4 44. Rb6 h4 45. Rxa6 h3 46. Rd6 h2
47. Rd1 Kg3 48. Rh1 Kg2 49. Rxh2+ Kxh2 50. a6 Rg3+ 51. Ka4 Rc3 52. a7 Rxc4 1-0

[Event "Flint Summer Swiss"]
[Site "Flint, MI"]
[Date "2002.07.27"]
[Round "3.15"]
[White "Mandell, Ed"]
[Black "Cendrowski, Chris"]
[Result "1-0"]
[WhiteElo "1298"]
[BlackElo "1379"]
[PlyCount "100"]
[EventDate "2002.07.27"]

1. e4 c6 2. c3 d5 3. Qa4 dxe4 4. Qxe4 Nf6 5. Qf4 Bg4 6. h3 Bh5 7. Nf3 e6 8. d4
Bd6 9. Qe3 Qc7 10. Be2 Bf4 11. Qxf4 Qb6 12. Na3 Qd8 13. Nc4 O-O 14. g4 Bg6 15.
Nh4 Nd5 16. Qg3 Nd7 17. Ne3 N5f6 18. Nc4 Ne4 19. Qf3 Qxh4 20. Bf4 Qd8 21. h4
Nef6 22. Bd3 Bxd3 23. Qxd3 Ne8 24. O-O-O b5 25. Ne5 Nxe5 26. dxe5 Nc7 27. Qxd8
Rfxd8 28. Rxd8+ Rxd8 29. Bd2 a5 30. Be3 Nd5 31. Rd1 Rb8 32. Bc5 a4 33. Kc2 f6
34. Bd6 Rb7 35. b3 axb3+ 36. axb3 Ra7 37. Kd3 Nf4+ 38. Kd4 Rd7 39. Rd2 fxe5+
40. Kxe5 Rf7 41. Rd4 Ng6+ 42. Kxe6 Rf6+ 43. Kd7 Rxf2 44. h5 Nf8+ 45. Kxc6 Rf3
46. Bb4 Ne6 47. Re4 Ng5 48. Re5 Nf7 49. Rxb5 Nh6 50. g5 Ng4 1-0

[Event "Flint Summer Swiss"]
[Site "Flint, MI"]
[Date "2002.07.27"]
[Round "3.10"]
[White "Lawitzke, John"]
[Black "Schwab, Henry"]
[Result "1/2-1/2"]
[WhiteElo "896"]
[BlackElo "1690"]
[PlyCount "91"]
[EventDate "2002.07.27"]

1. e4 d5 2. exd5 Nf6 3. c4 c6 4. Nc3 cxd5 5. d4 Nc6 6. Nf3 e6 7. Bg5 Be7 8. Be2
h6 9. Bxf6 Bxf6 10. cxd5 exd5 11. O-O O-O 12. Qd2 Be6 13. Rad1 Qa5 14. Bb5 Ne7
15. Rfe1 a6 16. Ba4 b5 17. Bb3 Rfd8 18. Ne5 Rac8 19. a3 Nf5 20. Bc2 Nd6 21. Qd3
Bf5 22. Qe2 Bxc2 23. Qxc2 Ne4 24. Rxe4 dxe4 25. Qxe4 b4 26. axb4 Qxb4 27. Nd5
Qxb2 28. Nxf6+ gxf6 29. Qg4+ Kh7 30. Qf5+ Kg7 31. Qg4+ Kf8 32. Nd7+ Rxd7 33.
Qxd7 Rc1 34. Qg4 Qb1 35. Qc8+ Rxc8 36. Rxb1 Rc6 37. g3 Ke7 38. Ra1 Kd6 39. Kf1
Kd5 40. Ra4 f5 41. f3 Rc1+ 42. Ke2 Rc2+ 43. Kd3 Rxh2 44. Rxa6 Rh3 45. Ra5+ Ke6
46. Ra6+ 1/2-1/2

[Event "Flint Summer Swiss"]
[Site "Flint, MI"]
[Date "2002.07.27"]
[Round "1.12"]
[White "Laurin, Edward"]
[Black "Poniatowski, Don"]
[Result "1-0"]
[WhiteElo "1304"]
[BlackElo "1757"]
[PlyCount "90"]
[EventDate "2002.07.27"]

{64MB, maxlange.ctg. CC1955916-D} 1. e4 {61} c6 2. d4 d5 3. Nc3 dxe4 4. Nxe4
Bf5 5. Ng3 Bg6 6. h4 h6 7. h5 Bh7 8. Nf3 Nd7 9. Bf4 e6 10. Bd3 Bxd3 11. Qxd3
Ngf6 12. c4 Be7 13. Nd2 O-O 14. Nge4 Nxe4 15. Nxe4 Bb4+ 16. Nc3 Nf6 17. a3 Bd6
18. Qg3 Bxf4 19. Qxf4 Re8 20. g4 Nh7 21. O-O-O Qg5 22. Qxg5 Nxg5 23. f4 Nh7 24.
Rhg1 Nf6 25. g5 hxg5 26. Rxg5 Kh7 27. Rdg1 Rg8 28. d5 cxd5 29. cxd5 exd5 30.
Nxd5 Nxd5 31. Rxd5 Rac8+ 32. Kb1 Rc4 33. Rd7 Rxf4 34. Rxb7 Rh4 35. Rxf7 Rxh5
36. Rxa7 Kh8 37. b4 g6 38. a4 Rh4 39. Ka2 Rh2+ 40. Kb3 Rh3+ 41. Kb2 g5 42. b5
Rh2+ 43. Kb3 Rh3+ 44. Kb4 Rh4+ 45. Ka5 g4 1-0

[Event "Flint Summer Swiss"]
[Site "Flint, MI"]
[Date "2002.07.27"]
[Round "1.10"]
[White "Kahn, Aaron"]
[Black "Cendrowski, Chris"]
[Result "1-0"]
[WhiteElo "1800"]
[BlackElo "1379"]
[PlyCount "73"]
[EventDate "2002.07.27"]

1. c4 f5 2. g3 Nf6 3. Bg2 g6 4. Nc3 Bg7 5. Nf3 d6 6. d3 O-O 7. O-O e5 8. b4 c6
9. Qb3 Qe8 10. a4 h6 11. b5 c5 12. a5 g5 13. a6 Qf7 14. Nd2 Qc7 15. Bb2 Nbd7
16. Ra3 Rb8 17. axb7 Bxb7 18. Rxa7 Qb6 19. Rfa1 Bxg2 20. Kxg2 Qd8 21. R1a6 Nb6
22. Na4 f4 23. Nxb6 Rxb6 24. Bc3 fxg3 25. hxg3 Ng4 26. Ne4 Nf6 27. Ba5 Rxa6 28.
Rxa6 Qe7 29. Nxd6 Ng4 30. Ne4 Qf7 31. Be1 Ne3+ 32. Kg1 Nf5 33. Qa2 Qh5 34. Bc3
Qh3 35. Qa1 Nd4 36. Bxd4 exd4 37. Ra8 1-0

[Event "Flint Summer Swiss"]
[Site "Flint, MI"]
[Date "2002.07.27"]
[Round "3.11"]
[White "Jones, Avery"]
[Black "Hazzard, Bill"]
[Result "1-0"]
[WhiteElo "1671"]
[BlackElo "1511"]
[PlyCount "101"]
[EventDate "2002.07.27"]

1. d4 d5 2. Nf3 Nf6 3. e3 c6 4. Bd3 Bg4 5. Nbd2 Nbd7 6. c4 e5 7. dxe5 Nxe5 8.
Be2 Nxf3+ 9. Bxf3 Bxf3 10. Qxf3 Bb4 11. O-O O-O 12. cxd5 Qxd5 13. Qxd5 cxd5 14.
a3 Bd6 15. Nf3 Rfd8 16. Bd2 Ne4 17. Rac1 Nxd2 18. Nxd2 Rac8 19. Nf3 Be7 20. Nd4
g6 21. g3 a6 22. Rfd1 Bf6 23. Kf1 Bg7 24. Ke2 f5 25. Kd2 Bxd4 26. exd4 Rc4 27.
Rxc4 dxc4 28. Kc3 b5 29. Re1 Kf7 30. f4 Rd6 31. Re5 Kf6 32. d5 g5 33. Kd4 gxf4
34. gxf4 Rd8 35. Re6+ Kf7 36. Rxa6 Rd7 37. Rb6 Re7 38. Re6 Rc7 39. Rc6 Re7 40.
Re6 Rb7 41. Re5 Kf6 42. Kc5 Rg7 43. d6 h5 44. Kc6 Rg2 45. Rd5 Rxb2 46. d7 c3
47. d8=Q+ Kf7 48. Rxf5+ Kg6 49. Qg5+ Kh7 50. Rf7+ Kh8 51. Qg7# 1-0

[Event "Flint Summer Swiss"]
[Site "Flint, MI"]
[Date "2002.07.27"]
[Round "1.5"]
[White "Homa, Seth"]
[Black "Kriseler, Mark"]
[Result "1/2-1/2"]
[WhiteElo "1529"]
[BlackElo "1927"]
[PlyCount "52"]
[EventDate "2002.07.27"]

1. d4 d5 2. c4 e5 3. dxe5 d4 4. Nf3 Nc6 5. a3 Bg4 6. Qb3 Rb8 7. Bf4 Be7 8. Nbd2
h5 9. h3 Be6 10. Qd3 g5 11. Bg3 Nh6 12. e4 dxe3 13. Qxd8+ Rxd8 14. fxe3 Nf5 15.
Bf2 Bc5 16. Nxg5 Nxe3 17. Rc1 Nxf1 18. Rxf1 Nxe5 19. Bxc5 Nd3+ 20. Ke2 Nxc1+
21. Rxc1 Rg8 22. Nde4 Rg6 23. Nxe6 Rxe6 24. Kf3 Rd3+ 25. Kf4 b6 26. Bf2 Rg6
1/2-1/2

[Event "Flint Summer Swiss"]
[Site "Flint, MI"]
[Date "2002.07.27"]
[Round "3.8"]
[White "Homa, Seth"]
[Black "Gregory, Kevin"]
[Result "0-1"]
[WhiteElo "1529"]
[BlackElo "1770"]
[PlyCount "100"]
[EventDate "2002.07.27"]

1. d4 f5 2. Bg5 Nf6 3. Bxf6 exf6 4. e3 d5 5. Bd3 Bd6 6. Qh5+ g6 7. Qh6 Bf8 8.
Qh4 Be6 9. Ne2 Qd7 10. Qxf6 Bg7 11. Qg5 c6 12. Nd2 Qf7 13. Nf4 Nd7 14. O-O-O
Bf6 15. Qg3 O-O-O 16. f3 Rdg8 17. Rhe1 g5 18. Nxe6 Qxe6 19. e4 f4 20. Qf2 dxe4
21. fxe4 Qxa2 22. Bc4 Qa1+ 23. Nb1 Rd8 24. e5 Be7 25. Rd3 Nb6 26. Be6+ Kb8 27.
d5 cxd5 28. Qd4 Qa5 29. Red1 Bc5 30. b4 Bxb4 31. Nd2 Bc5 32. Qb2 Be3 33. Rb3 d4
34. Rb4 Qxe5 35. Bg4 Qc7 36. Bf3 Rhe8 37. Kb1 Bxd2 38. Rxd2 Re1+ 39. Ka2 Qf7+
40. Ka3 Re3+ 41. Rd3 Qe7 42. Ka2 Qe6+ 43. Ka3 Rxf3 44. gxf3 Nc4+ 45. Rxc4 Qxc4
46. Qb3 Qxb3+ 47. Kxb3 Kc7 48. c3 dxc3 49. Rxc3+ Kb6 50. Kb4 Rd2 0-1

[Event "Flint Summer Swiss"]
[Site "Flint, MI"]
[Date "2002.07.27"]
[Round "2.17"]
[White "Hazzard, Bill"]
[Black "Reddick, Forrest"]
[Result "1-0"]
[WhiteElo "1511"]
[BlackElo "953"]
[PlyCount "129"]
[EventDate "2002.07.27"]

1. d4 d5 2. c4 Nf6 3. Nc3 c6 4. Nf3 e6 5. Bg5 Nbd7 6. cxd5 cxd5 7. e3 Bb4 8.
Bd3 Bxc3+ 9. bxc3 O-O 10. O-O Qc7 11. Qc2 Ng4 12. Bxh7+ Kh8 13. Bd3 e5 14. dxe5
Ndxe5 15. Nxe5 Qxe5 16. Bf4 Qh5 17. h3 Ne5 18. Be2 Qg6 19. Qxg6 Nxg6 20. Bg3
Ne7 21. Bd6 Re8 22. Bb5 Nc6 23. Rad1 a6 24. Bxc6 bxc6 25. Bc5 Rb8 26. Rb1 Bf5
27. Rb6 Bd3 28. Rd1 Bc4 29. Rxc6 Rb5 30. Bd4 a5 31. Rd2 Rb1+ 32. Kh2 Ra1 33.
Rc5 Ra8 34. Rc7 Rxa2 35. Rxa2 Bxa2 36. Ra7 Rxa7 37. Bxa7 a4 38. Bc5 Kh7 39. f3
Kg6 40. e4 dxe4 41. fxe4 Kf6 42. Kg3 Ke5 43. Kf3 Bb3 44. Ke3 Bc2 45. Bd4+ Ke6
46. c4 a3 47. e5 a2 48. Ba1 Bb3 49. Kd4 f6 50. exf6 Kxf6 51. Kc3 Ba4 52. Kb2
Bb5 53. cxb5 Ke6 54. Kxa2 Kd6 55. Ka3 g5 56. Kb4 Kc7 57. g4 Kb6 58. Bd4+ Kb7
59. Ka5 Ka8 60. Be3 Kb7 61. Bxg5 Ka8 62. Ka6 Kb8 63. b6 Ka8 64. b7+ Kb8 65.
Bf4# 1-0